STN 53 5006: 1999, Stroje a zariadenia na spracovanie mäsa. Skúšobná metóda na stanovenie teplôt pri teplenom spacovaní mäsových výrobkov

Bibliographic Details
Corporate Author: Technický a skúšobný ústav pôdohospodársky STC - 106 (Rovinka, Slovensko)
Other Authors: Franková, Erika (Translator)
Format: Book
Language:Slovak
PhysicalDescription:8 s. tab. 30 cm
Published: Bratislava Úrad pre normalizáciu, metrológiu a skúšobníctvo SR 1999
Subjects:

MARC

LEADER 00000nam a2200000 a 4500
001 vtls001353431
003 SK-MaSNL
005 20260512081452.0
008 180126s1999 xo k 0 slo
035 |a SNK000306842 
040 |a SNK  |b slo  |c SNK  |c SVKBB  |e AACR2 
041 1 |a slo 
044 |a xo  |c SK 
046 |a s  |m 19990101 (účin. ) 
072 7 |a 664  |x Potravinársky priemysel  |2 konspekt 
080 |a 663/664:62-183.4  |2 2001 
080 |a 006.7/.8  |2 2011 
080 |a (437.6)  |2 2011 
080 |a (4)  |2 2011 
084 |a 67.120.10  |2 ICS 
084 |a 21.020  |2 ICS 
084 |a 19.020  |2 ICS 
245 1 |a STN 53 5006: 1999, Stroje a zariadenia na spracovanie mäsa. Skúšobná metóda na stanovenie teplôt pri teplenom spacovaní mäsových výrobkov 
246 1 0 |a Stroje a zariadenia na spracovanie mäsa 
246 1 0 |a Skúšobná metóda na stanovenie teplôt pri teplenom spacovaní mäsových výrobkov 
260 |a Bratislava  |b Úrad pre normalizáciu, metrológiu a skúšobníctvo SR  |c 1999 
300 |a 8 s.  |b tab.  |c 30 cm 
500 |a Spracovateľ: Erika Franková 
500 |a Súbežný názov v angličtine, francúzštine, nemčine 
504 |a Súvisiace právne predpisy s. 1 
540 |a STN vydané na akomkoľvek nosiči sa môžu rozmnožovaťa rozširovať iba so súhlasom určenej právnickej osoby  |b SÚTN Bratislava  |c zákon 60/2018 Z. z 
650 0 7 |a potravinárske stroje  |2 SNKPH  |9 72883 
650 0 7 |a Food machines  |2 SNKPHeng  |9 289026 
650 0 7 |a technické normy a štandarty  |z Slovensko  |2 SNKPH  |9 292187 
650 0 7 |a technické norma a štandarty  |z krajiny Európskej únie  |2 SNKPH  |9 292188 
655 7 |a normy  |2 SNKPH  |9 70643 
700 1 |a Franková, Erika  |4 trl  |9 418178 
710 |a Slovenský ústav technickej normalizácie (Bratislava, Slovensko).  |b Technická komisia č. 63 Potravinárske stroje  |4 stn  |9 408789 
710 2 |a Technický a skúšobný ústav pôdohospodársky STC - 106 (Rovinka, Slovensko)  |9 166808 
999 |c 978271  |d 980201 
952 |t P60, <03>, [BOOK], {603}  |a SNK  |b SNK  |y PREZ  |7 0  |p 17A0177541  |o snkSTN 53 5006  |i snkN 312/99  |0 0  |1 0  |4 0  |d 1999-01-25  |l 0  |r 2005-01-02 00:00:00  |w 2026-02-24 
952 |t P60, <04>, [BOOK], {604}  |a SNK  |b SNK  |y VYP  |7 0  |p 17A0177542  |o snkSTN 53 5006 D1  |i snkN 313/99  |0 0  |1 0  |4 0  |d 1999-01-25  |l 0  |r 2005-01-02 00:00:00  |w 2026-02-24